Problems of cooperation for development (Record no. 517187)
[ view plain ]
| 000 -LEADER | |
|---|---|
| fixed length control field | 00269nam a22000977a 4500 |
| 082 ## - DEWEY DECIMAL CLASSIFICATION NUMBER | |
| Classification number | TNC T000 M475p |
| 100 ## - MAIN ENTRY--PERSONAL NAME | |
| Personal name | Meier, Gerard M. |
| 9 (RLIN) | 24642 |
| 245 ## - TITLE STATEMENT | |
| Title | Problems of cooperation for development |
| Statement of responsibility, etc | By Gerald M. Meier |
| 260 ## - PUBLICATION, DISTRIBUTION, ETC. (IMPRINT) | |
| Place of publication, distribution, etc | London |
| Name of publisher, distributor, etc | Oxford Univ. |
| Date of publication, distribution, etc | 1974 |
| 300 ## - PHYSICAL DESCRIPTION | |
| Extent | 249p. |
| Withdrawn status | Lost status | Source of classification or shelving scheme | Damaged status | Koha normalized classification for sorting | Not for loan | Permanent location | Current location | Date acquired | Full call number | Barcode | Date last seen | Price effective from | Koha item type |
|---|---|---|---|---|---|---|---|---|---|---|---|---|---|
| TNC_T000_M475P | Indian Institute of Public Administration | Indian Institute of Public Administration | 2021-07-05 | TNC T000 M475p | gr22042 | 2021-07-05 | 2021-07-05 | GR |
